000 00587nam a2200193 a 4500
001 000021742
005 20200930011431.0
008 100910s1980 mx a 000 0 spa d
020 _a9682300592
040 _aDO-SdBNP
_bspa
_cBNPHU
082 _ann*
_bnn*
100 1 _aDorfman, Ariel.
_916983
245 1 0 _aPara leer al pato Donald /
_cAriel Dorfman y Armand Mattelart ; prólogo Hector Schmucler.
250 _a21a ed.
260 _aMéxico, D. F. :
_bSiglo Veintiuno,
_c1980.
300 _a160 p. :
_bil., ;
_c21 cm.
700 1 _aSchmucler, Hector,
_epról.
_945189
049 _aBNGR
999 _c21241
_d21241